000 00540nam a2200181Ia 4500
008 100920s9999 xx 000 0 und d
082 _b107618
_a891.43 न 07
100 _aकुमार प्रदीप.
245 _aअमृत वचन.
260 _bकिरण प्रकाशन , दिल्ली.
_c2007
300 _a167
_bसाधी
365 _b175
520 _aहिंदी.
630 _aअमृत वचन.
650 _aहिंदी.
730 _aअमृत वचन.
942 _cBOOK
999 _c748042
_d748039